000 00265nam a2200109Ia 4500
008 190914s9999||||xx |||||||||||||| ||und||
100 _aKim H. Pries
245 0 _aSix Sigma For The Next Millinium
260 _aNew Jersey
_bWilley
_c2005
300 _a223
942 _cBK
999 _c9515
_d9515